Finančné pozície podnikov v agrárnom sektore po vstupe do EÚ

Úlohy finančného manažmentu podniku. Významné princípy kontrolného systému riadenia. Finančné pozície agrárneho sektora po vstupe SR do EÚ. Vybrané finančné ukazovatele podnikov poľnohospodárskej výroby. Vybrané finančné ukazovatele krajín EÚ v roku 2005. Disparita finančných ukazovateľov v agrárny...

Ausführliche Beschreibung

Gespeichert in:
Bibliographische Detailangaben
1. Verfasser: Grznár, Miroslav
Weitere Verfasser: Foltínová, Alžbeta
Format: Buchkapitel
Sprache:Slowakisch
Schlagworte:
Tags: Tag hinzufügen
Keine Tags, Fügen Sie das erste Tag hinzu!

MARC

LEADER 00000nla$a2200000$$$4500
001 0105128
005 20240502083249.9
041 0 |a slo 
044 |a CZ 
245 1 0 |a Finančné pozície podnikov v agrárnom sektore po vstupe do EÚ  |c Miroslav Grznár, Alžbeta Foltínová 
520 |a Úlohy finančného manažmentu podniku. Významné princípy kontrolného systému riadenia. Finančné pozície agrárneho sektora po vstupe SR do EÚ. Vybrané finančné ukazovatele podnikov poľnohospodárskej výroby. Vybrané finančné ukazovatele krajín EÚ v roku 2005. Disparita finančných ukazovateľov v agrárnych podnikoch. 
610 2 0 |a manažment finančný 
610 2 0 |a riadenie finančné 
610 2 0 |a politika poľnohospodárska 
610 2 0 |a systémy riadenia 
610 2 0 |a Slovensko 
610 2 0 |a Európska únia 
610 2 0 |a kontroling finančný 
610 2 0 |a plán podnikový 
100 1 |a Grznár, Miroslav 
700 1 |a Foltínová, Alžbeta